| 000 | 00596cam a2200205 4500 | ||
|---|---|---|---|
| 001 | ##J120570 | ||
| 002 | ##5374 | ||
| 008 | 021125n2001 000 0 eng u | ||
| 035 | _a(Sirsi) u120570 | ||
| 041 | 0 | _aeng | |
| 050 | 0 | 4 | _a692.8 $2 18 |
| 110 | 2 |
_aRoyal Institution of Chartered Surveyors _94900 |
|
| 245 | 0 | 0 | _aFinal certificate for use with all JCT contracts that require a final certificate |
| 260 |
_aCoventry _bRICS _c2001 |
||
| 300 |
_a1p. _c30cm |
||
| 490 | 0 | _aRICS Stationery | |
| 651 | 4 |
_aUnited Kingdom _y |
|
| 690 | _aBUILT ENVIRONMENT-BUILDING CONTRACT FORMS | ||
| 942 | _n0 | ||
| 999 |
_c102536 _d102536 |
||